000 00549nam a2200229Ia 4500
003 0100
008 130227s9999 xx 000 0 und d
040 _cARRUPELIB
050 _aBT732.7D857 1994
100 _aDunn, Ronald
245 _aWhen heaven is silent
245 _blive by faith, not by sight
260 _aNashville
260 _bThomas Nelson
260 _C1994
300 _a212p.
300 _b 21cm.
650 _bAristotle Physics
650 _cPhysics - Early works
650 _dPhysics - Philosophy
942 _2lcc
_01
999 _c3590
_d3590